| 000 | 00527 a2200169 4500 | ||
|---|---|---|---|
| 999 |
_c41368 _d41368 |
||
| 003 | OSt | ||
| 005 | 20211022112439.0 | ||
| 008 | 211022b ||||| |||| 00| 0 eng d | ||
| 020 | _a9788194760313 | ||
| 040 | _coclc | ||
| 082 |
_a920 _bMOH/K |
||
| 100 |
_98869 _aMohammad, T C |
||
| 245 |
_aKottal Uppi Sahib : _bKottayam malabarinte prasastha puthran / _cT C Mohammad |
||
| 260 |
_aMalappuram: _bGrace Educational Association, _c2020. |
||
| 300 | _a163 pages | ||
| 942 |
_2ddc _cBK _h920 _iMOH/K _k920 _mMOH/K |
||